000 00650nam a2200253 a 4500
003 AR-BaBNM
005 20251128204237.0
008 082120s2002 ||||||||||||||000 | spa||
020 _a84-8280-807-9
040 _cAR-BaBNM
100 1 _aGarcía Márquez, Gabriel
245 0 0 _aEl otoño del patriarca
260 _aBogotá
_bLa Oveja Negra
_c1984
300 _a246 p.
490 0 _aHistoria de la literatura latinoamericana
_vv. 7
650 4 _aNOVELAS
650 4 _aRECURSOS LITERARIOS
653 _aLITERATURA COLOMBIANA
653 _aNARRATIVA
653 _aREALISMO MAGICO
655 _aLITERATURA
942 _cBK
998 _cMarce
999 _c6689
_d6689